Chủ nghĩa xã hội khoa học, Trích tác phẩm kinh điển. Chương trình trung cấp /
Na minha lista:
| Formato: | Sách giấy |
|---|---|
| Idioma: | Vietnamese |
| Publicado em: |
H. :
Sách giáo khoa - Lê-Nin,
1977.
|
| Tags: |
Adicionar Tag
Sem tags, seja o primeiro a adicionar uma tag!
|
| Thư viện lưu trữ: | Thư viện Trường Đại học Đà Lạt |
|---|
| LEADER | 00709nam a2200289 4500 | ||
|---|---|---|---|
| 001 | DLU140159992 | ||
| 005 | ##20140220 | ||
| 040 | # | # | |a DLU |b vie |
| 041 | # | # | |a vie |
| 044 | # | # | |a vn |
| 082 | # | # | |a 335.423 |b BAN |
| 245 | # | # | |a Chủ nghĩa xã hội khoa học, |p Trích tác phẩm kinh điển. Chương trình trung cấp / |c Ban tuyên huấn Trung ương. |
| 260 | # | # | |a H. : |b Sách giáo khoa - Lê-Nin, |c 1977. |
| 300 | # | # | |a 393 tr. ; |c 22 cm. |
| 923 | # | # | |a TL |
| 991 | # | # | |a SH |
| 992 | # | # | |a 1.30 |
| 994 | # | # | |a DLU |
| 900 | # | # | |a True |
| 911 | # | # | |a Trương Thị Mỹ Lệ |
| 925 | # | # | |a G |
| 926 | # | # | |a A |
| 927 | # | # | |a SH |
| 980 | # | # | |a Thư viện Trường Đại học Đà Lạt |